000 00749nam a2200205 i 4500
001 69241
003 ES-MaACL
005 20230906170454.0
007 t|
008 040921s1999 sp ||||1| spa d
080 _a016:316.72(460.12)
100 0 _aGómez-Tabanera, José Manuel,
_d1926-2011
_958165
245 1 3 _aUn siglo de bibliografía sobre etnia e identidad asturiana /
_cJosé Manuel Gómez-Tabanera.
260 _a[Oviedo :
_bConsejería de Educación y Cultura,
_c1999]
300 _ap. 317-336 ;
_c24 cm.
500 _aEn cubierta: II Congreso de Bibliografía Asturiana.
650 4 _aIdentidad cultural-
_zAsturias (Comunidad Autónoma)-
_vBibliografías.
_913533
852 _aES-MaACL
_j2180-F-21
_bR.134176
999 _c69241
_d69241